|
|
|
|
| LEADER |
01831cas a2200265 a 4500 |
| 001 |
AALejournalIMF009347 |
| 008 |
230101c9999 xx r poo 0 0eng d |
| 020 |
|
|
|c 5.00 USD
|
| 020 |
|
|
|z 9781451867077
|
| 022 |
|
|
|a 1018-5941
|
| 040 |
|
|
|a BD-DhAAL
|c BD-DhAAL
|
| 100 |
1 |
|
|a Mathai, Koshy.
|
| 245 |
1 |
0 |
|a U.S. Revenue Surprises :
|b Are Happy Days Here to Stay? /
|c Koshy Mathai, Andrew Swiston, Martin Muhleisen.
|
| 264 |
|
1 |
|a Washington, D.C. :
|b International Monetary Fund,
|c 2007.
|
| 300 |
|
|
|a 1 online resource (29 pages)
|
| 490 |
1 |
|
|a IMF Working Papers
|
| 500 |
|
|
|a <strong>Off-Campus Access:</strong> No User ID or Password Required
|
| 500 |
|
|
|a <strong>On-Campus Access:</strong> No User ID or Password Required
|
| 506 |
|
|
|a Electronic access restricted to authorized BRAC University faculty, staff and students
|
| 520 |
3 |
|
|a A key question for U.S. policymakers is whether the recent strength in federal revenue is likely to continue. This question is addressed through an econometric analysis of the determinants of tax revenue, using time series that are adjusted for tax policy changes. The results suggest that growth in corporate profits and capital gains each contributed forty percent of the increase in the revenue-to-GDP ratio from 2004-2006, and rising income inequality explains much of the rest. While part of the revenue rise is the result of structural changes taking place in the U.S. economy, some of the recent buoyancy is likely to prove temporary, reflecting the highly cyclical nature of these variables.
|
| 538 |
|
|
|a Mode of access: Internet
|
| 700 |
1 |
|
|a Muhleisen, Martin.
|
| 700 |
1 |
|
|a Swiston, Andrew.
|
| 830 |
|
0 |
|a IMF Working Papers; Working Paper ;
|v No. 2007/143
|
| 856 |
4 |
0 |
|z Full text available on IMF
|u http://elibrary.imf.org/view/journals/001/2007/143/001.2007.issue-143-en.xml
|z IMF e-Library
|